Statistics for Every Bon Jovi song that hit the Billboard hot 100

Click here to take the quiz!

General Stats

  • This quiz has been taken 56 times
  • The average score is 11 of 25

Answer Stats

Peak Chart PositionYearSong% Correct
11987Livin' On A Prayer
96%
101993Bed Of Roses
84%
332000It's My Life
84%
71987Wanted Dead Or Alive
80%
11986You Give Love A Bad Name
80%
11988Bad Medicine
76%
391984Runaway
67%
41994Always
65%
291992Keep The Faith
55%
31989Born To Be My Baby
53%
11989I'll Be There For You
49%
71989Lay Your Hands On Me
45%
532005Have A Nice Day
45%
141995This Ain't A Love Song
33%
681985In And Out Of Love
33%
271993In These Arms
33%
682009We Weren't Born To Follow
27%
91989Living In Sin
24%
272007(You Want To) Make A Memory
20%
232006Who Says You Can't Go Home
20%
971993I'll Sleep When I'm Dead
16%
572001Thank You For Loving Me
14%
481984She Don't Know Me
14%
541985Only Lonely
12%
761995Lie To Me/Something For The Pain
0%

Score Distribution

Percentile by Number Answered

Percent of People with Each Score

Your Score History

You have not taken this quiz